Apprendre l’anglais animaux - Statistiques

Statistiques générales
  • Ce quiz a été pris 157 fois
  • Le résultat moyen est 29 sur 44
Statistiques - réponses
Hint Réponse % Correct
Chat Cat
100%
Chien Dog
98%
Lion Lion
92%
Poisson Fish
90%
Cheval Horse
87%
Cochon Pig
87%
Tigre Tiger
87%
Loup Wolf
87%
Abeille Bee
86%
Oiseau Bird
85%
Papillon Butterfly
85%
Crocodile Crocodile
85%
Singe Monkey
85%
Serpent Snake
85%
Ours Bear
84%
Vache Cow
82%
Lapin Rabit
79%
Requin Shark
78%
Tortue Turtle
77%
Renard Fox
75%
Girafe Giraffe
75%
Dauphin Dolphin
74%
Mouton Sheep
70%
Alligator Alligator
66%
Chèvre Goat
66%
Mouche A fly
64%
Jaguar Jaguar
63%
Bœuf Beef
62%
Crabe Crab
57%
Baleine Whale
57%
Moustique Mosquito
54%
Pieuvre Octopus
54%
Lézard Lizard
52%
Hippopotame Hippopotamus
50%
Rhinocéros Rhinoceros
46%
Âne Donkey
42%
Crevette Shrimp
38%
Coccinelle Ladybug
34%
Kangourou Kangaroo
33%
Iguane Iguana
30%
Cerf Deer
22%
Phoque Seal
22%
Paon Peacock
18%
Otarie Sea lion
10%
Aucun quiz correspondant
Distribution des résultats
% des personnes avec chaque résultat
Percentile par nombre de réponses
Votre historique - résultats
Vous n’avez pas pris ce quiz